|
|
|
|
| LEADER |
00000cam a2200000 i 4500 |
| 001 |
1/67790 |
| 008 |
990125s1970 gr | ||| |||| ||gre|| |
| 035 |
|
|
|l 10047538
|
| 040 |
|
|
|a GR-MyUA
|b gre
|e AACR2
|
| 041 |
0 |
|
|a gre
|
| 082 |
0 |
|
|a 889.104
|
| 100 |
1 |
|
|a Παπατσώνης, Τάκης Κ.,
|d 1895-1976.
|
| 245 |
1 |
0 |
|a Εθνεγερσία :
|b Σολωμός Κάλβος /
|c Τ. Κ. Παπατσώνη.
|
| 260 |
|
|
|a Αθήνα :
|b Ικαρος,
|c 1970.
|
| 300 |
|
|
|a 39 σ. ;
|c 23 εκ.
|
| 500 |
|
|
|a Ομιλία εκφωνηθείσα την 24ην Μαρτίου 1970 κατά την πανηγυρικήν συνεδρίαν της Ακαδημίας Αθηνών.
|
| 600 |
1 |
0 |
|a Κάλβος, Ανδρέας,
|d 1792-1869.
|
| 600 |
1 |
0 |
|a Σολωμός, Διονύσιος,
|d 1798-1857.
|
| 650 |
0 |
0 |
|a Poets, Greek.
|
| 650 |
0 |
0 |
|a Speeches, addresses, etc.
|
| 852 |
|
|
|a INST
|b SAMOS
|e 19990125
|h 889.104 ΠΑΠ
|p 005300013453
|q 005300013453
|t BK
|y 0
|
| 901 |
|
|
|a BIBL-1999-1
|
| 909 |
|
|
|a Σ
|b 057819
|
| 922 |
|
|
|a 3ΕΛΗ
|b 199709
|c ΔΩΡ
|d ΠΑΡΙΑΝΟΣ
|